| 000 | 00500nam a2200193Ia 4500 | ||
|---|---|---|---|
| 005 | 20240823055501.0 | ||
| 008 | 240823s9999||||xx |||||||||||||| ||und|| | ||
| 041 | _aENGLISH | ||
| 082 | _A333.9516 N8 | ||
| 100 | _aJohn C Avise | ||
| 245 | 0 | _aConservation Genetics | |
| 250 | _a1st | ||
| 260 |
_c1998 _bCBS Publishers & Distributors Pv |
||
| 500 | _aYES | ||
| 650 |
_aHuman Genetics and Molecular Biology _bAllied Health Science |
||
| 700 | _aJames L Hamrick | ||
| 942 | _cBK | ||
| 999 |
_c228891 _d228891 |
||